000
00239nam a22001217a 4500
020
_a
0-7214-1839-2
082
_a
823
_b
HAN/A
245
_a
ANIMAL HOMES
260
_a
UK
_b
LADYBIRD
300
_a
30
650
_a
ENGLISH BOOK
_z
UK
942
_c
BK
999
_c
1844
_d
1844